Central Library OPAC University of Rajshahi

Plant Genetic Resource Management / (Record no. 72441)

MARC details
000 -LEADER
fixed length control field 00900nam a2200253 a 4500
001 - CONTROL NUMBER
control field 72441
003 - CONTROL NUMBER IDENTIFIER
rucl marc code BD-RjUL
005 - DATE AND TIME OF LATEST TRANSACTION
control field 20211209082248.0
008 - FIXED-LENGTH DATA ELEMENTS--GENERAL INFORMATION
fixed length control field 170518s2004 ii ab b 10000 eng d
020 ## - INTERNATIONAL STANDARD BOOK NUMBER
International Standard Book Number 817319579X
035 ## - SYSTEM CONTROL NUMBER
System control number (BD-RjUL) 72659
040 ## - CATALOGING SOURCE
Language of cataloging eng
Original cataloging agency BD-RjUL
Transcribing agency BD-RjUL
Modifying agency BD-RjUL
041 ## - LANGUAGE CODE
Language code of text/sound track or separate title eng
082 ## - DEWEY DECIMAL CLASSIFICATION NUMBER
Edition number 23
Classification number 581
Author mark and year PLA 2004
111 2# - MAIN ENTRY--MEETING NAME
Meeting name or jurisdiction name as entry element International Symposium on Tropical Agriculture Research
Number of part/section/meeting (27th :
Date of meeting 1993 :
Location of meeting Tsukuba, Japan)
9 (RLIN) 159689
245 10 - TITLE STATEMENT
Title Plant Genetic Resource Management /
Remainder of title editors by B S Dhillon [et...al]
260 ## - PUBLICATION, DISTRIBUTION, ETC. (IMPRINT)
Place of publication, distribution, etc. kolkata :
Name of publisher, distributor, etc. Narosa publishing House,
Date of publication, distribution, etc. c2004.
300 ## - PHYSICAL DESCRIPTION
Pagination vi, 434 p. :
Illustrations ill. ;
Size 30 cm.
504 ## - BIBLIOGRAPHY, ETC. NOTE
Bibliography, etc Includes bibliographical references.
650 #0 - SUBJECT ADDED ENTRY--TOPICAL TERM
Topical term or geographic name as entry element Natural history of Plants
9 (RLIN) 159690
Topical term or geographic name as entry element Germplasm resources, Plant
Geographic subdivision Southeast Asia
General subdivision Congresses.
9 (RLIN) 159691
700 ## - ADDED ENTRY--PERSONAL NAME
Personal name editors by Dhillon, B S
942 ## - ADDED ENTRY ELEMENTS (KOHA)
Source of classification or shelving scheme Dewey Decimal Classification
Koha item type Books
Holdings
Lost status Source of classification or shelving scheme Damaged status Not for loan Collection code Permanent Location Current Location Shelving location Date acquired Source of acquisition Cost, normal purchase price Total Checkouts Full call number Date last seen Copy number Koha item type
  Dewey Decimal Classification   Not For Loan Non-fiction Central Library, University of Rajshahi Central Library, University of Rajshahi Reading Room 09/05/2006 Paragon Ent., Dhaka 850.00   581 PLA 2004 18/05/2017 C-1 Books